| 000 | 00393nam a22001571a 4500 | ||
|---|---|---|---|
| 020 | _a9788171193325 | ||
| 082 |
_aH2 _bMOH/R |
||
| 100 | _aMohan Rakesh | ||
| 245 |
_aRaat beetane tak tatha anya dhwani natak/ _cby Mohan Rakesh |
||
| 260 |
_aNew Delhi: _bRadhakrishna, _c1998. |
||
| 300 | _a184p. | ||
| 650 | _aDrama Hindi | ||
| 650 | _aLiterature Hindi | ||
| 650 | _aLiterature | ||
| 942 | _cBK | ||
| 999 |
_c36837 _d36837 |
||